00832nam a22002177a 4500999001700000003000900017008004100026040007100067082002100138100001900159245004600178260005300224300002800277505012300305650001400428650001800442650002300460942001600483945002000499952009500519 c18496d18496AR-CdUCM190514b ||||| |||| 00| 0 spa d aMUNICIPALIDAD PROVINCIAL DEL CUSCOcBIBLIOTECA MUNICIPAL DEL CUSCO 22ed.a150 /bN53 aNicol, Eduardo aPsicología de las situaciones vitales / aMéxico :bFondo de cultura económica,c1963. a163 páginas ;c22 cm. aContenido : Experiencia, espacio y tiempo -- Temporalidad y acción -- Sobre lo vital y la estructura de la vida ...  aVida9884 aTiempo919460 aPsicología91538 2ddccLIBROS arahd2019/05/14 002ddc4070aSHbSHcCARTd2019-05-14g40.00o150 / N53pSH0000013469r2019-05-14yLIBROS